00273nam a2200097Ia 4500008004100000100001600041245004900057260004300106300000800149650001800157191201s2012 xx 000 0 und d aYADAV, K.C. 0aHaryana Main Rashtriya Kavya Dhara 1857-1947 aN. DelhibHaryana Granth Academyc2012 a534 aGeneral Books